| 000 -LEADER |
| fixed length control field |
01839 a2200265 4500 |
| 003 - CONTROL NUMBER IDENTIFIER |
| control field |
OSt |
| 005 - DATE AND TIME OF LATEST TRANSACTION |
| control field |
20180116192352.0 |
| 008 - FIXED-LENGTH DATA ELEMENTS--GENERAL INFORMATION |
| fixed length control field |
120605t xxu||||| |||| 00| 0 eng d |
| 020 ## - INTERNATIONAL STANDARD BOOK NUMBER |
| International Standard Book Number |
9780470519479 (paperback) |
| 020 ## - INTERNATIONAL STANDARD BOOK NUMBER |
| International Standard Book Number |
9780470519479 (paperback) |
| 040 ## - CATALOGING SOURCE |
| Transcribing agency |
0 |
| 082 04 - DEWEY DECIMAL CLASSIFICATION NUMBER |
| Classification number |
720.284028 |
| 245 10 - TITLE STATEMENT |
| Title |
Protoarchitecture : |
| Remainder of title |
analogue and digital hybrids / |
| Statement of responsibility, etc. |
Bob Sheil. |
| 250 ## - EDITION STATEMENT |
| Edition statement |
1st ed. |
| 260 ## - PUBLICATION, DISTRIBUTION, ETC. |
| Place of publication, distribution, etc. |
London : |
| Name of publisher, distributor, etc. |
Wiley, |
| Date of publication, distribution, etc. |
2008. |
| 300 ## - PHYSICAL DESCRIPTION |
| Extent |
136 p. : |
| Other physical details |
ill. ; |
| Dimensions |
28 cm. |
| 490 1# - SERIES STATEMENT |
| Series statement |
Architectural design. |
| 520 ## - SUMMARY, ETC. |
| Summary, etc. |
The illusive and uncertain world of translating ideas into matter is a negotiation between the ideal and the real and a central preoccupation of architectural production. By invading the toolbox of digital fabrication, design has transgressed into protocols of manufacturing previously the domain of other disciplines and skills sets. Craft, assembly and installation, once the realm of trades, are qualities that are now dependent upon design information and its status as an instruction to make. The ensuing loop between the physical and tactile, the imaginary and speculative, has defined a new expectation in making architecture as a construct that is part real, part ideal. With contributions from Lebbeus Woods, Evan Douglis, Theo Jansen, Shin Egashira and many more, Protoarchitecture presents an explicitly diverse collection of works from leading and emerging practitioners, educators, researchers and visionaries from all corners of this innovative field. |
| 650 10 - SUBJECT ADDED ENTRY--TOPICAL TERM |
| Topical term or geographic name entry element |
Virtual reality in architecture |
| 9 (RLIN) |
3807 |
| 700 1# - ADDED ENTRY--PERSONAL NAME |
| Personal name |
Sheil, Bob. |
| 9 (RLIN) |
3808 |
| 830 #0 - SERIES ADDED ENTRY--UNIFORM TITLE |
| Uniform title |
Architectural design. |
| 9 (RLIN) |
3809 |
| 856 40 - ELECTRONIC LOCATION AND ACCESS |
| Materials specified |
Amazon.com |
| Uniform Resource Identifier |
<a href="http://www.amazon.com/exec/obidos/ASIN/0470519479/chopaconline-20">http://www.amazon.com/exec/obidos/ASIN/0470519479/chopaconline-20</a> |
| 942 ## - ADDED ENTRY ELEMENTS (KOHA) |
| Institution code [OBSOLETE] |
SADA |
| Koha item type |
Book |
| Call number prefix |
720.284028 PRO 2008 |
| Source of classification or shelving scheme |
|
| 952 ## - LOCATION AND ITEM INFORMATION (KOHA) |
| -- |
BOOK |